000 00471cam a2200145 4500500
005 20251012012354.0
041 _afre
042 _adc
100 1 0 _aN’Diaye, Aïda
_eauthor
245 0 0 _aL’État nous protège-t-il du chaos ?
260 _c2022.
500 _a8
786 0 _nPhilosophie magazine | 163 | 10 | 2022-10-01 | p. 51-51 | 1951-1787
856 4 1 _uhttps://shs.cairn.info/magazine-philosophie-magazine-2022-10-page-51?lang=fr&redirect-ssocas=7080
999 _c1526442
_d1526442